[Event "Bremen Silvester op"]
[Site "Bremen"]
[Date "2019.12.30"]
[Round "7"]
[White "Stern, Philipp"]
[Black "Berresheim, Helmut"]
[Result "0-1"]
[WhiteElo "1919"]
[BlackElo "2086"]
[PlyCount "91"]
[EventDate "2019.12.27"]
[EventType "swiss"]
[EventRounds "7"]
[EventCountry "GER"]
[SourceTitle "CBM 194 Extra"]
[Source "ChessBase"]
[SourceDate "2020.03.31"]
[SourceVersion "1"]
[SourceVersionDate "2020.03.31"]
[SourceQuality "1"]

1. e4 c5 2. Nf3 d6 3. d4 cxd4 4. Nxd4 Nf6 5. Nc3 a6 6. Bg5 Nbd7 7. f4 Qc7 8. Qe2 e5 9. Nf5 h6 10. fxe5 dxe5 11. Bd2 Nc5 12. Ne3 Be6 13. Ned5 Bxd5 14. exd5 Bd6 15. 0-0-0 b5 16. a3 0-0-0 17. Kb1 Qb7 18. g3 Kb8 19. Bg2 Ncd7 20. Na2 Rhe8 21. Ba5 Rc8 22. Bb4 Nc5 23. Rhf1 Qb6 24. Qe1 Nb7 25. Bxd6+ Nxd6 26. Nb4 e4 27. Nc6+ Ka8 28. Bh3 Rc7 29. Nb4 Re5 30. Bg2 Ng4 31. Rf4 Ne3 32. Qf2 Kb7 33. Re1 Nxg2 34. Qxg2 a5 35. Nd3 Rxd5 36. Nf2 Rd2 37. Rexe4 Nxe4 38. Qxe4+ Qc6 39. Qxc6+ Kxc6 40. h4 Kb6 41. c3 Re7 42. Ne4 Rdd7 43. Ka2 f5 44. Nf2 Re2 45. Rf3 Rdd2 46. Nd3 0-1

[Event "Leiden Noteboom Memorial 79th"]
[Site "Leiden"]
[Date "2019.02.23"]
[Round "3"]
[White "Berresheim, Helmut"]
[Black "Villwock, Martin"]
[Result "1-0"]
[WhiteElo "2096"]
[BlackElo "2211"]
[PlyCount "47"]
[EventDate "2019.02.22"]
[EventType "swiss"]
[EventRounds "6"]
[EventCountry "NED"]
[SourceTitle "CBM 189 Extra"]
[Source "ChessBase"]
[SourceDate "2019.06.03"]
[SourceVersion "1"]
[SourceVersionDate "2019.06.03"]
[SourceQuality "1"]

1. d4 Nf6 2. c4 c5 3. Nf3 cxd4 4. Nxd4 Nc6 5. Nc3 Qb6 6. Nc2 e6 7. e4 Be7 8. Be2 0-0 9. 0-0 Qc7 10. b3 a6 11. Bb2 b6 12. f4 d6 13. Bf3 Bb7 14. Qd2 b5 15. Ne3 bxc4 16. Nxc4 Na5 17. Ne3 Rfd8 18. Rac1 Bc6 19. Ncd5 exd5 20. exd5 Re8 21. Kh1 Bd8 22. dxc6 Rb8 23. Bxf6 gxf6 24. Nd5 1-0

[Event "Rheinland Pfalz op 10th"]
[Site "Nickenich"]
[Date "2018.05.31"]
[Round "2"]
[White "Roj, Michaela"]
[Black "Berresheim, Helmut"]
[Result "0-1"]
[WhiteElo "1846"]
[BlackElo "2100"]
[PlyCount "64"]
[EventDate "2018.05.31"]
[EventType "swiss"]
[EventRounds "7"]
[EventCountry "GER"]
[SourceTitle "CBM 184 Extra"]
[Source "ChessBase"]
[SourceDate "2018.06.28"]
[SourceVersion "1"]
[SourceVersionDate "2018.06.28"]
[SourceQuality "1"]

1. e4 c5 2. b3 e5 3. Bb2 d6 4. Nf3 Nc6 5. Bb5 Nge7 6. Nc3 a6 7. Bxc6+ Nxc6 8. Nd5 g6 9. c3 Bg7 10. 0-0 0-0 11. h3 f5 12. d3 Be6 13. Ne3 f4 14. Nd5 g5 15. Nh2 Rc8 16. Re1 Qe8 17. f3 h5 18. Qe2 Qf7 19. c4 Kh8 20. a3 Rg8 21. Reb1 Bh6 22. Bc3 Rg7 23. Ra2 g4 24. hxg4 Rcg8 25. Be1 hxg4 26. Nxg4 Bxg4 27. fxg4 Rxg4 28. Qf3 Kh7 29. b4 Nd4 30. Qh3 f3 31. g3 Ne2+ 32. Kh2 R8g5 0-1

[Event "Rheinland Pfalz op 10th"]
[Site "Nickenich"]
[Date "2018.05.03"]
[Round "7"]
[White "Berresheim, Helmut"]
[Black "Kopf, Rainer"]
[Result "1/2-1/2"]
[WhiteElo "2100"]
[BlackElo "1972"]
[PlyCount "129"]
[EventDate "2018.05.31"]
[EventType "swiss"]
[EventRounds "7"]
[EventCountry "GER"]
[SourceTitle "EXT 2019"]
[Source "ChessBase"]
[SourceDate "2018.10.10"]
[SourceVersion "1"]
[SourceVersionDate "2018.10.10"]
[SourceQuality "1"]

1. d4 d5 2. c4 e6 3. Nc3 Nf6 4. cxd5 exd5 5. Bg5 Be7 6. e3 Nbd7 7. Qc2 c6 8. Bd3 0-0 9. Nf3 Re8 10. 0-0 Nf8 11. Bxf6 Bxf6 12. b4 a6 13. a4 Bg4 14. Nd2 Qd6 15. b5 axb5 16. axb5 Be7 17. bxc6 bxc6 18. Na4 Qh6 19. Rfc1 Bd6 20. Nf1 Rac8 21. Nc5 Rc7 22. Rab1 Ng6 23. Na6 Rcc8 24. Bxg6 hxg6 25. Rb6 Bf5 26. Qb3 g5 27. Ng3 Bd7 28. Nc5 Bxc5 29. Rxc5 Qd6 30. Ra5 Qc7 31. Raa6 Rb8 32. Rxb8 Rxb8 33. Qa2 Qb7 34. h3 Qb1+ 35. Kh2 Qxa2 36. Rxa2 Rb7 37. Ne2 Bf5 38. Kg3 f6 39. Nc3 Bd3 40. Ra8+ Kh7 41. Na4 Bb5 42. Nc5 Re7 43. Rd8 Kg6 44. Rd7 Rxd7 45. Nxd7 Kf7 46. f4 Kg6 47. fxg5 Kxg5 48. Kf3 Bf1 49. Nc5 Kg6 50. h4 Kh5 51. Ne6 Kxh4 52. Nxg7 Kg5 53. Ne6+ Kf5 54. Nf4 Bb5 55. g4+ Kg5 56. Ne6+ Kg6 57. Kf4 Kf7 58. Nc5 Kg6 59. Nb7 Ba6 60. Nd6 Bd3 61. Nb7 Bb5 62. Nc5 Be2 63. Ne6 Bb5 64. Nd8 Ba4 65. Ne6 1/2-1/2

[Event "SVR-ch MT-A"]
[Site "Hennweiler"]
[Date "2018.03.24"]
[Round "1"]
[White "Thieme Garmann, Alexander"]
[Black "Berresheim, Helmut"]
[Result "1-0"]
[WhiteElo "2019"]
[BlackElo "2099"]
[PlyCount "71"]
[EventDate "2018.03.24"]
[EventType "tourn"]
[EventRounds "7"]
[EventCountry "GER"]
[SourceTitle "EXT 2020"]
[Source "ChessBase"]
[SourceDate "2019.10.17"]
[SourceVersion "1"]
[SourceVersionDate "2019.10.17"]
[SourceQuality "1"]

1. e4 c5 2. Nc3 Nc6 3. g3 g6 4. d3 Bg7 5. Be3 d6 6. Qd2 Rb8 7. Bg2 b5 8. Nge2 Nd4 9. h3 b4 10. Nd1 Nxe2 11. Qxe2 e6 12. Qd2 Qc7 13. 0-0 Ne7 14. Bh6 0-0 15. Bxg7 Kxg7 16. Ne3 Bd7 17. f4 f6 18. g4 e5 19. Rf2 Qa5 20. Nc4 Qc7 21. Raf1 Bb5 22. Ne3 Qa5 23. a3 Qb6 24. axb4 cxb4 25. Kh1 a5 26. g5 exf4 27. gxf6+ Rxf6 28. Ng4 Rff8 29. Rxf4 Ng8 30. Rxf8 Rxf8 31. Rxf8 Kxf8 32. Qf4+ Ke7 33. e5 dxe5 34. Qxe5+ Kf8 35. Bd5 Be8 36. Bxg8 1-0

[Event "SVR-ch MT-B"]
[Site "Heimbach Weis"]
[Date "2017.04.07"]
[Round "1"]
[White "Thieme Garmann, Alexander"]
[Black "Berresheim, Helmut"]
[Result "1/2-1/2"]
[WhiteElo "2031"]
[BlackElo "2094"]
[PlyCount "33"]
[EventDate "2017.04.07"]
[EventType "tourn"]
[EventRounds "9"]
[EventCountry "GER"]
[SourceTitle "EXT 2020"]
[Source "ChessBase"]
[SourceDate "2019.10.17"]
[SourceVersion "1"]
[SourceVersionDate "2019.10.17"]
[SourceQuality "1"]

1. e4 e5 2. Nf3 Nc6 3. Bb5 a6 4. Ba4 b5 5. Bb3 Nf6 6. d3 Be7 7. 0-0 0-0 8. c3 d6 9. Re1 Na5 10. Bc2 c5 11. Nbd2 Nc6 12. Nf1 Qc7 13. Ng3 Re8 14. h3 Bb7 15. Nf5 Bf8 16. Bg5 Nd7 17. d4 1/2-1/2

[Event "SVR op"]
[Site "Nickenich"]
[Date "2015.04.04"]
[Round "7"]
[White "Buzov, Boris"]
[Black "Berresheim, Helmut"]
[Result "1/2-1/2"]
[WhiteElo "1818"]
[BlackElo "2012"]
[PlyCount "66"]
[EventDate "2015.03.28"]
[EventType "swiss"]
[EventRounds "7"]
[EventCountry "GER"]
[SourceTitle "EXT 2016"]
[Source "ChessBase"]
[SourceDate "2015.10.08"]
[SourceVersion "1"]
[SourceVersionDate "2015.10.08"]
[SourceQuality "1"]

1. d4 d5 2. Nf3 Nf6 3. e3 c5 4. b3 Nc6 5. Bb2 Bg4 6. Nbd2 cxd4 7. exd4 e6 8. Be2 Bd6 9. Ne5 Bf5 10. Nxc6 bxc6 11. Nf3 Qa5+ 12. Qd2 Qxd2+ 13. Nxd2 Bxc2 14. Rc1 Be4 15. f3 Bg6 16. Rxc6 Kd7 17. Bb5 Rhc8 18. Rxc8+ Kxc8 19. Ke2 Kd8 20. Bd3 Bxd3+ 21. Kxd3 Bf4 22. Nb1 Rc8 23. g3 Bh6 24. Nc3 Ne8 25. Ba3 a6 26. Bb4 g6 27. Bc5 Nf6 28. Re1 Nd7 29. Bd6 Rc6 30. Bb4 Bg7 31. Re2 h5 32. Re1 Rc8 33. Bd6 Rc6 1/2-1/2

[Event "Oberliga Sued W 0506"]
[Site "Germany"]
[Date "2005.11.13"]
[Round "2.8"]
[White "Kienast, Joerg"]
[Black "Berresheim, Helmut"]
[Result "1-0"]
[WhiteElo "2171"]
[BlackElo "2079"]
[PlyCount "51"]
[EventDate "2005.10.23"]
[EventType "team-tourn"]
[EventRounds "9"]
[EventCountry "GER"]
[SourceTitle "EXT 2007"]
[Source "ChessBase"]
[SourceDate "2006.11.23"]
[SourceVersion "1"]
[SourceVersionDate "2006.11.23"]
[SourceQuality "1"]
[WhiteTeam "Schott Mainz"]
[BlackTeam "Koblenz 25"]
[WhiteTeamCountry "GER"]
[BlackTeamCountry "GER"]

1. e4 c5 2. c3 d5 3. exd5 Qxd5 4. d4 Nc6 5. Nf3 Nf6 6. Na3 cxd4 7. Nb5 Qd8 8. Bf4 Nd5 9. Bg3 a6 10. Nbxd4 Nxd4 11. Qxd4 Bf5 12. Ne5 Nf6 13. Qf4 Qc8 14. Rd1 g6 15. Bc4 Be6 16. 0-0 Bg7 17. Bxe6 Qxe6 18. Rfe1 Nh5 19. Qf3 Nxg3 20. Nd7 Qc6 21. Qxg3 Rd8 22. Qf4 f6 23. Rd6 g5 24. Nxf6+ Bxf6 25. Qxf6 Rxd6 26. Qxe7# 1-0

[Event "Oberliga Sued W 0405"]
[Site "Germany"]
[Date "2005.01.30"]
[Round "6.7"]
[White "Rueckert, Helge"]
[Black "Berresheim, Helmut"]
[Result "1-0"]
[WhiteElo "2003"]
[BlackElo "2110"]
[PlyCount "31"]
[EventDate "2004.10.03"]
[EventType "team-tourn"]
[EventRounds "9"]
[EventCountry "GER"]
[SourceTitle "EXT 2009"]
[Source "ChessBase"]
[SourceDate "2008.11.26"]
[SourceVersion "1"]
[SourceVersionDate "2008.11.26"]
[SourceQuality "1"]
[WhiteTeam "Illingen"]
[BlackTeam "Koblenz 25"]
[WhiteTeamCountry "GER"]
[BlackTeamCountry "GER"]

1. d4 d5 2. Nf3 Nf6 3. Bg5 Nbd7 4. e3 c5 5. Nbd2 Qb6 6. Rb1 h6 7. dxc5 Nxc5 8. Bf4 Bf5 9. Nd4 Bg6 10. b4 Ncd7 11. Bb5 a6 12. Ba4 e6 13. 0-0 Be7 14. b5 a5 15. N2f3 Nc5 16. Bc7 1-0

[Event "Oberliga Sued W 0405"]
[Site "Germany"]
[Date "2004.11.28"]
[Round "3.8"]
[White "Kolbus, Dietmar"]
[Black "Berresheim, Helmut"]
[Result "1-0"]
[WhiteElo "2350"]
[BlackElo "2110"]
[PlyCount "103"]
[EventDate "2004.10.03"]
[EventType "team-tourn"]
[EventRounds "9"]
[EventCountry "GER"]
[SourceTitle "EXT 2009"]
[Source "ChessBase"]
[SourceDate "2008.11.26"]
[SourceVersion "1"]
[SourceVersionDate "2008.11.26"]
[SourceQuality "1"]
[WhiteTeam "Trier"]
[BlackTeam "Koblenz 25"]
[WhiteTeamCountry "GER"]
[BlackTeamCountry "GER"]

1. c4 c6 2. Nf3 d5 3. b3 Bg4 4. Bb2 Nd7 5. e3 Ngf6 6. Be2 Bxf3 7. Bxf3 e5 8. Be2 Bd6 9. d3 0-0 10. Nd2 e4 11. Qc2 Qe7 12. a3 Rad8 13. b4 a6 14. c5 Bb8 15. Bd4 exd3 16. Qxd3 Ne4 17. Nxe4 dxe4 18. Qc2 f5 19. Rd1 Ne5 20. h4 Ng4 21. g3 Kh8 22. Rd2 Be5 23. Bxg4 Bxd4 24. Be2 Bf6 25. Bc4 Rxd2 26. Kxd2 Rd8+ 27. Ke2 Qe8 28. Rb1 Be5 29. Ke1 h6 30. Rd1 Rxd1+ 31. Kxd1 Qh5+ 32. Qe2 Qe8 33. Qd2 Kh7 34. Kc2 Kg6 35. Kb3 Kf6 36. Qd1 g6 37. g4 Ke7 38. h5 Kf6 39. hxg6 Kxg6 40. gxf5+ Kxf5 41. Qh1 Bg7 42. Qh3+ Kf6 43. Qh4+ Kg6 44. Qg4+ Kf6 45. Qf4+ Kg6 46. f3 Qe5 47. Bf7+ Kh7 48. Qxe5 Bxe5 49. f4 Bf6 50. Be6 h5 51. Bc8 Bh4 52. Kc4 1-0

[Event "BL2-West 0304"]
[Site "Germany"]
[Date "2004.??.??"]
[Round "?.7"]
[White "Berresheim, Helmut"]
[Black "Schmidt, Bodo"]
[Result "1/2-1/2"]
[WhiteElo "2185"]
[BlackElo "2345"]
[PlyCount "53"]
[EventDate "2003.12.14"]
[EventType "team-tourn"]
[EventRounds "9"]
[EventCountry "GER"]
[SourceTitle "CBM 100 Extra"]
[Source "ChessBase"]
[SourceDate "2004.07.06"]
[SourceVersion "2"]
[SourceVersionDate "2004.07.06"]
[SourceQuality "1"]
[WhiteTeam "Koblenz"]
[BlackTeam "Godesberg"]
[WhiteTeamCountry "GER"]
[BlackTeamCountry "GER"]

1. d4 d5 2. c4 c6 3. Nc3 Nf6 4. e3 Bf5 5. Bd3 Bxd3 6. Qxd3 e6 7. b3 Nbd7 8. Nf3 Bd6 9. 0-0 0-0 10. e4 dxc4 11. bxc4 e5 12. d5 cxd5 13. cxd5 Rc8 14. Bd2 Bb4 15. Rfd1 Bxc3 16. Bxc3 Nxe4 17. Bxe5 Nxe5 18. Qxe4 Nxf3+ 19. Qxf3 Qd6 20. Qb3 Rc7 21. Rac1 Rd7 22. g3 g6 23. Rc4 Rfd8 24. Rb4 b6 25. Rbd4 Qe5 26. Qb5 Kg7 27. a4 1/2-1/2

[Event "BL2-West 0304"]
[Site "Germany"]
[Date "2004.??.??"]
[Round "?.8"]
[White "Liebergesell, Andreas"]
[Black "Berresheim, Helmut"]
[Result "1-0"]
[WhiteElo "2245"]
[BlackElo "2185"]
[PlyCount "107"]
[EventDate "2003.12.14"]
[EventType "team-tourn"]
[EventRounds "9"]
[EventCountry "GER"]
[SourceTitle "CBM 100 Extra"]
[Source "ChessBase"]
[SourceDate "2004.07.06"]
[SourceVersion "2"]
[SourceVersionDate "2004.07.06"]
[SourceQuality "1"]
[WhiteTeam "Bergheim"]
[BlackTeam "Koblenz"]
[WhiteTeamCountry "GER"]
[BlackTeamCountry "GER"]

1. d4 d5 2. c4 c6 3. Nc3 Nf6 4. Nf3 e6 5. Bg5 Nbd7 6. e3 Qa5 7. Bxf6 Nxf6 8. cxd5 Nxd5 9. Qb3 Bb4 10. Rc1 0-0 11. Bd3 c5 12. 0-0 Nxc3 13. bxc3 Ba3 14. Rb1 cxd4 15. cxd4 g6 16. Ne5 Bd6 17. f4 Qd8 18. Be4 Rb8 19. Rfc1 Qe7 20. Rc2 Bxe5 21. fxe5 b6 22. Qa4 Qg5 23. Qa3 Bb7 24. Bxb7 Rxb7 25. Rbc1 Qe7 26. Qa6 Kg7 27. Rc6 Rd7 28. Qd3 Rfd8 29. Qc3 Rd5 30. a4 R8d7 31. Qb3 Rd8 32. Rf1 R5d7 33. Qc2 Kg8 34. Ra1 Rd5 35. Rc1 R5d7 36. Qc4 Kg7 37. Rb1 Kg8 38. h3 Kg7 39. Rb5 Rd5 40. Rb3 R5d7 41. Kh2 h5 42. Rc3 h4 43. Qf1 Rh8 44. Qf3 Rhd8 45. Rc2 Rd5 46. Rc7 R8d7 47. Rc8 Qg5 48. Ra8 Ra5 49. Rcc8 Qg3+ 50. Qxg3 hxg3+ 51. Kxg3 Rxa4 52. Rg8+ Kh6 53. Rh8+ Kg5 54. Kf3 1-0

[Event "Oberliga Sued W 0203"]
[Site "Germany"]
[Date "2003.03.30"]
[Round "9.6"]
[White "Berresheim, Helmut"]
[Black "Mueller, Frank"]
[Result "1/2-1/2"]
[WhiteElo "2195"]
[BlackElo "2040"]
[PlyCount "95"]
[EventDate "2002.10.??"]
[EventType "team"]
[EventRounds "9"]
[EventCountry "GER"]
[SourceTitle "EXT 2005"]
[Source "ChessBase"]
[SourceDate "2004.11.15"]
[SourceVersion "1"]
[SourceVersionDate "2004.11.15"]
[SourceQuality "1"]

1. d4 e6 2. c4 b6 3. Nc3 Bb4 4. Qb3 a5 5. Nf3 Bb7 6. Bf4 Nf6 7. e3 Ne4 8. Be2 0-0 9. 0-0 Bxc3 10. bxc3 g5 11. Bg3 g4 12. Bh4 f6 13. Ne5 Nd2 14. Qd1 Nxf1 15. Nxg4 Qe7 16. Bxf1 Qg7 17. f4 Nc6 18. Qf3 Rab8 19. d5 Ne7 20. e4 f5 21. Ne5 fxe4 22. Qxe4 exd5 23. cxd5 Bxd5 24. Bc4 Bxc4 25. Qxc4+ d5 26. Qd3 Ng6 27. Qxd5+ Kh8 28. Bg3 Rbd8 29. Qc4 Ne7 30. Qxc7 Nd5 31. Qc6 Nxf4 32. Bxf4 Rxf4 33. Qe6 Rdf8 34. Qd5 R4f5 35. Re1 Qf6 36. h3 Rf1+ 37. Rxf1 Qxf1+ 38. Kh2 Qf5 39. Kg1 a4 40. Kh2 a3 41. Kh1 Qf1+ 42. Kh2 Qf4+ 43. Kh1 Qg3 44. Nf3 Qc7 45. Qd4+ Kg8 46. Qg4+ Qg7 47. Qe6+ Qf7 48. Qg4+ 1/2-1/2

[Event "Oberliga Sued W 0203"]
[Site "Germany"]
[Date "2002.11.03"]
[Round "3.6"]
[White "Pernutz, Hans Gerhard"]
[Black "Berresheim, Helmut"]
[Result "1-0"]
[WhiteElo "2193"]
[BlackElo "2195"]
[PlyCount "59"]
[EventDate "2002.10.??"]
[EventType "team"]
[EventRounds "9"]
[EventCountry "GER"]
[SourceTitle "EXT 2005"]
[Source "ChessBase"]
[SourceDate "2004.11.15"]
[SourceVersion "1"]
[SourceVersionDate "2004.11.15"]
[SourceQuality "1"]

1. e4 c5 2. Nf3 d6 3. d4 cxd4 4. Nxd4 Nf6 5. Nc3 a6 6. f4 e6 7. a4 Be7 8. Be2 Qc7 9. 0-0 Nc6 10. Kh1 0-0 11. Be3 Nxd4 12. Bxd4 e5 13. Be3 exf4 14. Rxf4 Be6 15. a5 Nd7 16. Nd5 Bxd5 17. exd5 Ne5 18. Bd4 f5 19. c4 Bg5 20. Rf1 g6 21. Ra3 Bf6 22. b4 Rae8 23. Bb6 Qf7 24. c5 Nd7 25. c6 Nb8 26. b5 Re5 27. c7 Nd7 28. bxa6 Rxe2 29. Qxe2 Qxd5 30. Rd1 1-0

[Event "BL2-West 9798"]
[Site "Germany"]
[Date "1998.??.??"]
[Round "?.3"]
[White "Berresheim, Helmut"]
[Black "Forintos, Gyozo Victor"]
[Result "0-1"]
[WhiteElo "2225"]
[BlackElo "2440"]
[PlyCount "66"]
[EventDate "1997.10.??"]
[EventType "team-tourn"]
[EventRounds "9"]
[EventCountry "GER"]
[SourceTitle "EXT 1999"]
[Source "ChessBase"]
[SourceDate "1998.11.16"]
[SourceVersion "1"]
[SourceVersionDate "1998.11.16"]
[SourceQuality "1"]
[WhiteTeam "Koblenz"]
[BlackTeam "Schott Mainz"]
[WhiteTeamCountry "GER"]
[BlackTeamCountry "GER"]

1. d4 Nf6 2. c4 e6 3. Nf3 c5 4. g3 cxd4 5. Nxd4 Bb4+ 6. Bd2 Qb6 7. e3 Nc6 8. Bg2 Be7 9. Bc3 0-0 10. 0-0 d5 11. Nd2 Rd8 12. Qe2 Bd7 13. N4f3 Rac8 14. Rfe1 Be8 15. a3 a5 16. a4 Qa6 17. b3 Nb4 18. Bxb4 Bxb4 19. Rec1 h6 20. Bf1 Qa7 21. cxd5 Nxd5 22. Rxc8 Rxc8 23. Nc4 Qb8 24. Nd4 Rd8 25. Qf3 Ne7 26. Qg4 Nc6 27. Nf3 Bc3 28. Rc1 Bf6 29. Na3 Bb2 30. Rxc6 bxc6 31. Nc4 Bc3 32. Qh5 Qxb3 33. Nxa5 Qb1 0-1

[Event "Crailsheim op 4th"]
[Site "Crailsheim"]
[Date "1998.??.??"]
[Round "?"]
[White "Berresheim, Helmut"]
[Black "Franke, Willi"]
[Result "0-1"]
[WhiteElo "2215"]
[BlackElo "1840"]
[PlyCount "60"]
[EventDate "1998.05.??"]
[EventType "swiss"]
[EventRounds "7"]
[EventCountry "GER"]
[SourceTitle "EXT 2006"]
[Source "ChessBase"]
[SourceDate "2005.11.24"]
[SourceVersion "1"]
[SourceVersionDate "2005.11.24"]
[SourceQuality "1"]

1. d4 Nf6 2. c4 g6 3. Nc3 Bg7 4. e4 0-0 5. Nf3 d6 6. Be2 e5 7. 0-0 Nc6 8. d5 Ne7 9. Nd2 Ne8 10. b4 f5 11. c5 f4 12. Nc4 g5 13. Ba3 Ng6 14. f3 Rf6 15. b5 Nh4 16. b6 axb6 17. cxd6 cxd6 18. Qb3 h5 19. Rab1 g4 20. Nxb6 Rb8 21. Nxc8 Rxc8 22. fxg4 Nxg2 23. Kxg2 hxg4 24. Bxg4 Rg6 25. Kf3 Rxg4 26. Kxg4 Qd7+ 27. Kf3 Rxc3+ 28. Qxc3 Qh3+ 29. Kf2 Qxc3 30. Rb3 Qc2+ 0-1

[Event "BL2-West 9798"]
[Site "Germany"]
[Date "1998.??.??"]
[Round "?.3"]
[White "Berresheim, Helmut"]
[Black "Kinsman, Andrew PH"]
[Result "1-0"]
[WhiteElo "2225"]
[BlackElo "2395"]
[PlyCount "77"]
[EventDate "1997.10.??"]
[EventType "team-tourn"]
[EventRounds "9"]
[EventCountry "GER"]
[SourceTitle "EXT 1999"]
[Source "ChessBase"]
[SourceDate "1998.11.16"]
[SourceVersion "1"]
[SourceVersionDate "1998.11.16"]
[SourceQuality "1"]
[WhiteTeam "Koblenz"]
[BlackTeam "Wuppertal"]
[WhiteTeamCountry "GER"]
[BlackTeamCountry "GER"]

1. d4 Nf6 2. c4 e6 3. Nf3 c5 4. Nc3 cxd4 5. Nxd4 Nc6 6. Nc2 d5 7. e3 Bc5 8. cxd5 exd5 9. Be2 0-0 10. 0-0 a6 11. a3 Qd6 12. Nd4 Re8 13. Nxc6 bxc6 14. b4 Qe5 15. Bb2 Bd6 16. g3 Qg5 17. e4 Nxe4 18. Nxe4 Rxe4 19. Bd3 Re6 20. Qc2 Qh5 21. Rfe1 Bd7 22. Rxe6 fxe6 23. f4 a5 24. Qc3 Qf7 25. bxa5 c5 26. Qc2 Qh5 27. Rb1 c4 28. Be2 Bc5+ 29. Kg2 Qf7 30. Be5 Bc6 31. Bf3 h5 32. a6 Rxa6 33. Rb8+ Bf8 34. Bd6 Ba4 35. Bxh5 Qf6 36. Qb1 Rxd6 37. Qb4 Ra6 38. Qb7 Ra5 39. Qb4 1-0

[Event "Crailsheim op 4th"]
[Site "Crailsheim"]
[Date "1998.??.??"]
[Round "?"]
[White "Berresheim, Helmut"]
[Black "Pietzsch, Manuel"]
[Result "1-0"]
[WhiteElo "2215"]
[BlackElo "1700"]
[PlyCount "115"]
[EventDate "1998.05.??"]
[EventType "swiss"]
[EventRounds "7"]
[EventCountry "GER"]
[SourceTitle "EXT 2006"]
[Source "ChessBase"]
[SourceDate "2005.11.24"]
[SourceVersion "1"]
[SourceVersionDate "2005.11.24"]
[SourceQuality "1"]

1. d4 Nf6 2. c4 c5 3. Nf3 g6 4. Nc3 Bg7 5. e4 cxd4 6. Nxd4 Nc6 7. Be3 d6 8. Be2 0-0 9. 0-0 Ne5 10. f3 b6 11. Rc1 Bb7 12. f4 Ned7 13. Bf3 Nc5 14. Qc2 Qd7 15. f5 Rac8 16. b3 Rfd8 17. Kh1 Qe8 18. Nd5 Nxd5 19. exd5 Nd7 20. fxg6 hxg6 21. Qe2 Ne5 22. Nb5 Ra8 23. Nc7 Qd7 24. Nxa8 Bxa8 25. Qd2 Bb7 26. Bd4 Bc8 27. a4 Qc7 28. Be4 Rf8 29. a5 bxa5 30. Ra1 a6 31. Bc3 Qa7 32. Rxa5 Bb7 33. Bd4 Nxc4 34. bxc4 Qxd4 35. Qxd4 Bxd4 36. Rb1 Bc8 37. Rb3 Bc5 38. Ra2 Kg7 39. g3 Rh8 40. Kg2 Rd8 41. Kf3 Rd7 42. Bc2 Ra7 43. Rb8 Bb7 44. Ba4 a5 45. Kf4 Bb4 46. g4 Ba6 47. Bb5 Rb7 48. Rxb7 Bxb7 49. Re2 Kf8 50. h4 Bc8 51. h5 Ba3 52. Kg5 Bc1+ 53. Kh4 Bf4 54. hxg6 fxg6 55. Ra2 g5+ 56. Kh3 e5 57. Rxa5 Ke7 58. Ra8 1-0